| 000 | 00458cam a2200169ua 4500 | ||
|---|---|---|---|
| 001 | 6066 | ||
| 008 | 131114n ii |||gr||||Z||||||eng | ||
| 040 | _cMAIN | ||
| 082 | _a954.162 | ||
| 245 | 1 | 1 |
_aComprehensive History Of Assam _cBy S.L. Baruah |
| 260 |
_aNew Delhi: _bMunshiram Manoharlal Publishers Pvt Ltd, _c1985. |
||
| 300 | _axi,456p. | ||
| 653 | _aHistory | ||
| 653 | _aComprehensive History of Assam | ||
| 700 | 1 |
_aBaruah,S.L., _eAuthor. |
|
| 942 | _cBK | ||
| 999 |
_c5219 _d5219 |
||